000 00825nam a2200289Ia 4500
001 34904
003 IT-RoPAU
008 130308s9999 xx 000 0 und d
040 _aIT-RoPAU
040 _cIT-RoPAU
041 _aITALIANO
100 _aLorenzetti Loredano Matteo
100 _gCodice Aut. SPICS: 14690
245 _aPsicologia della musica per lo sviluppo della persona (La)-Prospettive epistemologiche
245 _bPsicologia della Musica in Europa e in Italia (La)
250 _a1a ed.
260 _aBOLOGNA
260 _bClueb
260 _c1985 [1° Ed.:1985 - Ed.Ling.Originale:1985]
300 _a"21 p. (prefazione: no ; testo: 21 [pagine: 127-147])"
650 _aSAGGI MUSICALI
650 _eCodice materia Spics: 7011
942 _cBK
957 _71
999 _c60348
_d60348
999 _bSI
999 _g1